Statistics for Wonky Word Clicking - A

Click here to take the quiz!

General Stats

  • This quiz has been taken 223 times
  • The average score is 10 of 15

Answer Stats

HintAnswer% Correct
Abracadabra
97%
Aphrodisiac
91%
Axolotl
81%
Ampersand
81%
Appaloosa
72%
Apoplectic
70%
Aubergine
66%
Akimbo
65%
Aplomb
64%
Aardwolf
57%
Ackamarackus
54%
Afterclap
50%
Anfractuous
49%
Ambuscade
37%
Astrobleme
29%

Score Distribution

Percentile by Number Answered

Percent of People with Each Score

Your Score History

You have not taken this quiz